000 00368nam a2200133Ia 4500
001 10927
003 GE_BSU
008 181216s||||||||xx |||||||||||||| ||und||
040 _cGE_BSU
245 _aЭнциклопедический словарь
245 _bТ.4а=:Бось-Бунчукь.
653 _aЭнциклопедический словарь
942 _cBK
999 _c44169
_d44169